| 000 | 00463 a2200157 4500 | ||
|---|---|---|---|
| 999 |
_c6658 _d6658 |
||
| 020 | _a9781779032812 | ||
| 050 | _aGE105WIT2005 | ||
| 100 |
_aWitt , Sylvia _eauthor |
||
| 245 |
_aEnvironmental science: _bGrade five pupil's book / _cSylvia Witt and David Witt |
||
| 264 |
_aZimbabwe: _bLongman, _c2005 |
||
| 300 | _a93p. : | ||
| 500 | _aincludes table of contents | ||
| 650 | _aenvironmental science | ||
| 700 |
_aDavid Witt _eauthor |
||
| 942 |
_2lcc _cBK _h105 _iWIT _kGE |
||